|
|
|
|
| LEADER |
00000nam0a2200000 4500 |
| 001 |
37680 |
| 005 |
20250723163844.0 |
| 010 |
|
|
|a 5936750116
|
| 035 |
|
|
|a (RuTPU)RU\TPU\book\38270
|
| 090 |
|
|
|a 37680
|
| 100 |
|
|
|a 20020129d2001 m y0rusy50 ca
|
| 101 |
0 |
|
|a rus
|
| 102 |
|
|
|a RU
|
| 105 |
|
|
|a a e 001zy
|
| 200 |
1 |
|
|a Российская государственность в терминах
|e IX - начало XX в.
|e Словарь
|
| 210 |
|
|
|a Москва
|c Крафт+
|d 2001
|
| 215 |
|
|
|a 454 с.
|c ил.
|
| 320 |
|
|
|a Библиогр.: с. 448-451.
|
| 606 |
|
|
|a Россия
|x История
|z 9 век-1917
|9 81648
|
| 610 |
1 |
|
|a 9 век - 20 век
|
| 610 |
1 |
|
|a государственность
|
| 610 |
1 |
|
|a государственные учреждения
|
| 610 |
1 |
|
|a чины
|
| 610 |
1 |
|
|a звания
|
| 610 |
1 |
|
|a должности
|
| 610 |
1 |
|
|a терминологические словари
|
| 686 |
|
|
|a Т3(2)4/5я2
|2 rubbk
|
| 801 |
|
1 |
|a RU
|b 63413507
|c 20020129
|g PSBO
|
| 801 |
|
2 |
|a RU
|b 63413507
|c 20121002
|g PSBO
|
| 850 |
|
|
|a 63413507
|
| 942 |
|
|
|c BK
|